| 000 | 02012nam a2200577 a 4500 | ||
|---|---|---|---|
| 001 | 20156 | ||
| 003 | VRT | ||
| 005 | 20260117142145.0 | ||
| 008 | 240226s2004 xo ab slo | ||
| 015 | _aSNBA2006/02-00719 | ||
| 020 |
_a8055107955 _q(viaz.) |
||
| 035 | _aSNK000436562 | ||
| 035 | _aurn:nbn:sk:snk-amlup4 | ||
| 035 | _aurn:nbn:sk:snk-am00ccif | ||
| 035 | _a30B91602-F498-4F2F-B20A-E40C23FF6F03 | ||
| 039 | 9 |
_a202402261822 _bVLOAD _c202206221337 _dcsnkv18 _c201910181036 _dAUTHORITY _c201712011253 _dVLOAD |
|
| 040 |
_aSNK _bslo _cSNK _eAACR2 |
||
| 041 | 1 |
_aslo _hger |
|
| 043 | _au-at--- | ||
| 044 |
_axo _cSK |
||
| 072 | 7 |
_a913(6) _xGeografia Afriky, reálie, cestovanie _2konspekt |
|
| 072 | 7 |
_a913(9) _xGeografia Oceánie, polárnych oblastí, Austrálie, atď _2konspekt |
|
| 080 |
_a908(94) _22001 |
||
| 080 |
_a908(9) _21981 |
||
| 080 |
_a908(6) _21981 |
||
| 080 |
_a323.1:316.356.4 _21981 |
||
| 080 |
_a(0.062) _21981 |
||
| 080 |
_a908(94) _21981 |
||
| 245 | 0 | 0 |
_aNárody sveta _bsvet, v ktorom žijeme _c[z nemeckého originálu preložila Helena Galanová] |
| 250 | _a[1. vyd.] | ||
| 260 |
_aBratislava _bIkar _c2004 |
||
| 300 |
_a79 s. _bfareb. fotogr., mp. _c30 cm |
||
| 490 | 1 | _aGlóbus | |
| 504 | _aReg. | ||
| 650 | 0 | 7 |
_aregionálna geografia _2SNK |
| 650 | 0 | 7 |
_anárody _2SNK |
| 651 | 7 |
_aAustrália _2SNK |
|
| 651 | 7 |
_aOceánia _2SNK |
|
| 651 | 7 |
_aAfrika _2SNK |
|
| 655 | 7 |
_aobrazové publikácie _2SNK |
|
| 655 | 7 |
_apopulárno-náučné publikácie _2SNK |
|
| 700 | 1 |
_aGalanová, Helena, _d1949- _4trl |
|
| 830 | 0 | _aGlóbus | |
| 942 |
_2ddc _cOLDO _n0 |
||
| 949 |
_62889 V 46179 _asavukV 46179 |
||
| 949 |
_617A0442554 _9P60, <03>, [BOOK], {603}, -B- _asnkSB 69152 _bsnkKSP 11665/2004 _s6100:20160606 |
||
| 949 |
_617A0442555 _9P60, <04>, [BOOK], {604} _asnkSB 69152 D1 _bsnkKSP 11666/2004 |
||
| 949 |
_6270001000250032 _asvkbbC 46190 _bsvkbbm 657194* _oTL2; |
||
| 949 |
_6273K0484781 _91 _asvkpoC 44298 _bsvkpo479148 |
||
| 999 |
_c20156 _d20156 |
||